| 000 | 00746nam a22001817a 4500 | ||
|---|---|---|---|
| 008 | 091220s1964 nyu||||| |||| 000 0 eng d | ||
| 082 |
_222 _a338.90091724 _bSIN |
||
| 100 |
_910024 _aSinger, H. W. |
||
| 245 |
_aInternational Development: _bGrowth and Change/ _cH. W. Singer |
||
| 260 |
_aNew York: _bMcGraw-Hill , _c1964 |
||
| 300 |
_axiv, 295 p. ; _c23 cm. |
||
| 490 | _aMcGraw-Hill Series in International Development | ||
| 500 | _aIncludes index | ||
| 650 |
_93691 _aEconomic development. |
||
| 650 |
_910023 _aDeveloping countries |
||
| 942 |
_2ddc _cBB |
||
| 999 |
_c13057 _d13057 |
||